| 000 | 00486nam a22001577a 4500 | ||
|---|---|---|---|
| 008 | 230406b |||||||| |||| 00| 0 eng d | ||
| 020 | _a81-7076-027-5 | ||
| 040 |
_aNational Science Library _cNational Science Library |
||
| 080 |
_a330.34(541.31) _bN0 |
||
| 100 |
_aKaran, P P _96502 |
||
| 245 | _aBhutan environment, culture and development strategy | ||
| 260 |
_aNew Delhi: _bIntellectual Publishing House, _c1990 |
||
| 300 | _avi, 156p. | ||
| 650 | _aGeography | ||
| 942 |
_2udc _cBK |
||
| 999 |
_c19394 _d19394 |
||